Literary Scholars Quiz Stats

Quiz Updated Apr 6, 2012

Also try: Literary Surnames
Challenge
Share
Tweet
Embed
Score 0/27 Timer 06:00
3 Plays Today
% Correct
J. R. R. Tolkien
90.9%
Charles Darwin
88%
Lewis Carroll
78.5%
Aldous Huxley
75.7%
Al Gore
70.1%
John Milton
68.4%
C. S. Lewis
66.8%
A. A. Milne
63.4%
Joseph Heller
62.1%
Stephen Hawking
61.3%
Jonathan Swift
61.2%
Oscar Wilde
60.9%
Michael Crichton
58.5%
Henry David Thoreau
57.7%
% Correct
Douglas Adams
54.8%
Bertrand Russell
44%
Margaret Atwood
38.8%
John Updike
36.3%
Salman Rushdie
34%
T. S. Eliot
33.1%
Philip Pullman
29.8%
E. M. Forster
27.7%
Peter Benchley
27.3%
William S. Burroughs
26%
Nick Hornby
25.9%
Erich Segal
14.5%
Charles Kingsley
7.8%

You're not logged in!

Compare scores with friends on all Sporcle quizzes.
Sign Up with Email
OR
Log In

You Might Also Like...

Show Comments

Extras

Top Quizzes Today


Score Distribution

Your Account Isn't Verified!

In order to create a playlist on Sporcle, you need to verify the email address you used during registration. Go to your Sporcle Settings to finish the process.